| 000 | 00795nam a2200289Ia 4500 | ||
|---|---|---|---|
| 003 | OSt | ||
| 005 | 20240516164539.0 | ||
| 008 | 210210b1913 xxu||||| |||| 00| 0 eng d | ||
| 040 | _cAL | ||
| 041 | _aeng | ||
| 082 | _a954/608 | ||
| 100 |
_aINDIA (archaeological Survey of) _9165197 |
||
| 245 | _aAnnual report of the Archaeological Survey of India: Eastern circle 1912-13 | ||
| 260 |
_aCalcutta _bThe Bengal Secretariat Book Depot _c1913 |
||
| 300 | _a79 | ||
| 650 |
_aSurvey _9165198 |
||
| 650 |
_areport _9165199 |
||
| 650 |
_aIndia: _9165200 |
||
| 650 |
_aEastern _9165201 |
||
| 650 |
_acircle _9165202 |
||
| 650 |
_aArchaeological _9165203 |
||
| 650 |
_aAnnual _9165204 |
||
| 650 |
_a1912-13 _9165205 |
||
| 690 |
_aIndian History _9165206 |
||
| 906 | _a002108 | ||
| 942 |
_2ddc _cBK |
||
| 999 |
_c120867 _d120867 |
||